Online
Catalog

Cortés y Moctezuma / (Record no. 23770)

MARC details
000 -CABECERA
campo de control de longitud fija 00937nam a2200265 a 4500
001 - NÚMERO DE CONTROL
campo de control 000024276
005 - FECHA Y HORA DE LA ÚLTIMA TRANSACCIÓN
campo de control 20200930022853.0
008 - DATOS DE LONGITUD FIJA--INFORMACIÓN GENERAL
campo de control de longitud fija 110125s2002 mx r 000 | spa d
020 ## - NÚMERO INTERNACIONAL ESTÁNDAR DEL LIBRO
Número Internacional Estándar del Libro 9682708559
040 ## - FUENTE DE LA CATALOGACIÓN
Centro catalogador/agencia de origen DO-SdBNP
Lengua de catalogación spa
Centro/agencia transcriptor BNPHU
082 ## - NÚMERO DE LA CLASIFICACIÓN DECIMAL DEWEY
Número de clasificación 928
Número de documento/Ítem D542c
049 ## - FONDOS LOCALES (OCLC)
Fondos de biblioteca BNGR
100 1# - ENTRADA PRINCIPAL--NOMBRE DE PERSONA
Nombre de persona Díaz del Castillo, Bernal,
Fechas asociadas al nombre 1492-158?
9 (RLIN) 49832
245 10 - MENCIÓN DE TÍTULO
Título Cortés y Moctezuma /
Mención de responsabilidad, etc. Bernal Díaz del Castillo.
260 ## - PUBLICACIÓN, DISTRIBUCIÓN, ETC.
Lugar de publicación, distribución, etc. México, D. F. :
Nombre del editor, distribuidor, etc. Planeta ;
-- Joaquín Mortiz,
Fecha de publicación, distribución, etc. 2002.
300 ## - DESCRIPCIÓN FÍSICA
Extensión 127 p. ;
Dimensiones 21 cm.
490 1# - MENCIÓN DE SERIE
Mención de serie Ronda de Clásicos Mexicanos
500 ## - NOTA GENERAL
Nota general Incluye notas al pie de páginas
500 ## - NOTA GENERAL
Nota general Incluye índice
600 14 - PUNTO DE ACCESO ADICIONAL DE MATERIA--NOMBRE DE PERSONA
Nombre de persona CORTÉS, HERNÁN, 1485-1547.
Subdivisión general BIOGRAFÍA
9 (RLIN) 49833
600 14 - PUNTO DE ACCESO ADICIONAL DE MATERIA--NOMBRE DE PERSONA
Nombre de persona MOCTEZUMA II, EMPERADOR DE MÉXICO, 1466-1520
Subdivisión general BIOGRAFÍA
9 (RLIN) 49834
650 #4 - PUNTO DE ACCESO ADICIONAL DE MATERIA--TÉRMINO DE MATERIA
Término de materia o nombre geográfico como elemento de entrada México
Subdivisión general Historia
-- Descubrimiento y conquista, 1517-1521
9 (RLIN) 49835
710 2# - PUNTO DE ACCESO ADICIONAL--NOMBRE DE ENTIDAD CORPORATIVA
Nombre de entidad corporativa o nombre de jurisdicción como elemento de entrada Conaculta
9 (RLIN) 49836
830 #0 - PUNTO DE ACCESO ADICIONAL DE SERIE-TÍTULO UNIFORME
Título uniforme Ronda de Clásicos Mexicanos
9 (RLIN) 49837
Holdings
Estado de retiro Estado de pérdida Restricciones de uso No para préstamo Código de colección Localización permanente Ubicación/localización actual Ubicación en estantería Fecha de adquisición Número de inventario Total de préstamos Signatura topográfica completa Código de barras Fecha visto por última vez Precio válido a partir de Tipo de ítem Koha
        Monografías: Libros y Folletos General General En catalogación 25.01.2011 LF1   928 D542c 24276-10 25.06.2020 25.06.2020 Préstamo en sala

Powered by Koha